| 000 | 01093 a2200301 4500 | ||
|---|---|---|---|
| 005 | 20140903175018.0 | ||
| 008 | 140129s2011 sp ||||gr|||| 001 0 spa d | ||
| 020 | _a9788496778801 | ||
| 040 |
_aCO-BoUCM _bspa _cJose A. Gerena _dHenry Ríos |
||
| 041 | _aspa | ||
| 100 | 1 |
_aWelch, Jack _93215 |
|
| 245 | 1 | 0 |
_aWinning [ganar] _cJack Welch, Suzy Welch ; traducción de Magdalena Palmer |
| 246 | 2 | 4 |
_aWinning [ganar] _blas claves para el éxito del ejecutivo más admirado del mundo |
| 250 | _a7a ed | ||
| 260 |
_c2011 _bZeta _aBarcelona (España) |
||
| 300 | _a396 páginas | ||
| 490 |
_aBolsillo business _v2185 _v2 |
||
| 500 | _aIncluye índice | ||
| 650 | 7 |
_915417 _aÉxito en los negocios |
|
| 650 | 7 |
_918533 _aLiderazgo |
|
| 650 | 7 |
_9435 _aAdministración de empresas |
|
| 690 |
_942736 _aAdministración de empresas |
||
| 700 | 1 |
_aPalmer, Magdalena _etraductor _954487 |
|
| 700 | 1 |
_aWelch, Suzy _954486 |
|
| 765 | _tWinning | ||
| 942 |
_a16 _cLIBRO _e7 _mW439g _2DEWEY _h658.4092 |
||
| 999 |
_c184204 _d184204 |
||